Visualizzazione normale
Vista MARC
- Bacharach Burt
di Personal Name
Records bibliografici associati: 1
001 - CONTROL NUMBER
- control field: 6572
003 - CONTROL NUMBER IDENTIFIER
- control field: IT-RoPau
005 - DATE AND TIME OF LATEST TRANSACTION
- control field: 20131220161128.0
008 - FIXED-LENGTH DATA ELEMENTS
- fixed length control field: 131220|| aca||aabn | a|a d
040 ## - CATALOGING SOURCE
- Original cataloging agency: IT-RoPau
- Transcribing agency: IT-RoPau
100 ## - HEADING--PERSONAL NAME
- Personal name: Bacharach Burt
- Dates associated with a name: Codice autore musica SPICS: 10740
- Relator term: Autore musica
- Name of part/section of a work: Non m'innamoro più
670 ## - SOURCE DATA FOUND
- Source citation: Work cat.: (IT-RoPau)99822: AA.VV. 794, Successi di sempre vol. 2 (Lp Rb 43)